000 00840nam a2200253 4500
003 OSt
005 20260530113909.0
008 260506b2008 it a|||| |||| 00| 0 ita d
020 _a978883874324X
040 _aICI
_bspa
_cIC
041 _aita
_aeng
050 _aNK1520
_bD66 2008
100 1 _aDominoni, Annalisa
_eautor
_933141
245 1 0 _aEsercizi creativi di design = Creative Design Practices :
_bThe creative process in product design and evironment for educational /
_cAnnalisa Dominoni
264 1 _aMilano:
_bMagglioli Editore,
_c2008
300 _a135 páginas :
_bilustraciones
336 _atexto
_2rdacontent
337 _asin medio
_2rdamedia
338 _avolumen
_2rdacarrier
650 4 _aDiseño industrial.
_915218
650 4 _aCreatividad.
_933142
650 4 _aDiseño de productos.
_933143
942 _2ddc
_cBK
_n1
999 _c12059
_d12059